| 000 -LEADER |
| fixed length control field |
02558 a2200277 4500 |
| 003 - CONTROL NUMBER IDENTIFIER |
| control field |
OSt |
| 005 - DATE AND TIME OF LATEST TRANSACTION |
| control field |
20180116192327.0 |
| 008 - FIXED-LENGTH DATA ELEMENTS--GENERAL INFORMATION |
| fixed length control field |
120420t xxu||||| |||| 00| 0 eng d |
| 020 ## - INTERNATIONAL STANDARD BOOK NUMBER |
| International Standard Book Number |
0750667966 (paperback) |
| 020 ## - INTERNATIONAL STANDARD BOOK NUMBER |
| International Standard Book Number |
9780750667968 (paperback) |
| 040 ## - CATALOGING SOURCE |
| Transcribing agency |
0 |
| 082 04 - DEWEY DECIMAL CLASSIFICATION NUMBER |
| Classification number |
726.2 |
| 100 1# - MAIN ENTRY--PERSONAL NAME |
| Personal name |
Kahera, Akel. |
| 9 (RLIN) |
940 |
| 245 10 - TITLE STATEMENT |
| Title |
Design criteria for mosques and islamic centers : |
| Remainder of title |
art, architecture and worship / |
| Statement of responsibility, etc. |
Akel Kahera, Latif Abdulmalik, Craig Anz. |
| 260 ## - PUBLICATION, DISTRIBUTION, ETC. |
| Place of publication, distribution, etc. |
London, Uk: |
| Name of publisher, distributor, etc. |
Architectural Press, |
| Date of publication, distribution, etc. |
2009. |
| 300 ## - PHYSICAL DESCRIPTION |
| Extent |
112 p. ; |
| Dimensions |
28 cm. |
| 500 ## - GENERAL NOTE |
| General note |
Includes index. |
| 520 ## - SUMMARY, ETC. |
| Summary, etc. |
The design principles necessary to create functional and dynamic contemporary mosques can be hard to grasp for those unfamiliar with the Islamic faith. 'Design Criteria for Mosques and Islamic Centers' provides an easy-to-use and practical set of guidelines for mosque design, illustrated with 300 line drawings. Case studies of urban mosques in New York, Washington, Boston, and London and Birmingham amongst others, demonstrate how mosques and Islamic centers have evolved to integrate into the urban scenario. The book also compares tenets from Western and Eastern religious and secular philosophies and discusses their relation to architectural creation, place-making, meaning, and identity. The book shows how mosques fulfill multiple faith-based and social roles through their design; it provides a wide-ranging, basic understanding of Islamic liturgical conventions and secular functions to enable architects, designers, and community advocates to work with confidence. 'Design Criteria for Mosques and Islamic Centers' is the first dedicated design guide for mosques and Islamic centers available. . Features case studies from the USA, UK, and Europe . Explains fundamental principles to make it easy to create viable design solutions for these exacting buildings that fulfi ll a range of social and religious roles. * First dedicated design guide for Mosques and Islamic centres available * Features case studies from the USA, UK and Europe * Explains fundamental principles to make it easy to create viable design solutions for these exacting buildings that fulfil a range of social and religious roles. |
| 650 ## - SUBJECT ADDED ENTRY--TOPICAL TERM |
| Topical term or geographic name entry element |
Mosques |
| 9 (RLIN) |
941 |
| 650 ## - SUBJECT ADDED ENTRY--TOPICAL TERM |
| Topical term or geographic name entry element |
Religious architecture |
| 9 (RLIN) |
942 |
| 700 1# - ADDED ENTRY--PERSONAL NAME |
| Personal name |
Abdulmalik, Latif. |
| 9 (RLIN) |
943 |
| 700 1# - ADDED ENTRY--PERSONAL NAME |
| Personal name |
Anz, Craig. |
| 9 (RLIN) |
944 |
| 856 40 - ELECTRONIC LOCATION AND ACCESS |
| Materials specified |
Amazon.com |
| Uniform Resource Identifier |
<a href="http://www.amazon.com/exec/obidos/ASIN/0750667966/chopaconline-20">http://www.amazon.com/exec/obidos/ASIN/0750667966/chopaconline-20</a> |
| 942 ## - ADDED ENTRY ELEMENTS (KOHA) |
| Institution code [OBSOLETE] |
SADA |
| Koha item type |
Book |
| Call number prefix |
726.2 KAH 2009 |
| Source of classification or shelving scheme |
|